Stadt zu Land #34 - Statistiken

Allgemein
  • Dieses Quiz wurde 175 mal gespielt
  • Das Durchschnittsergebnis liegt bei 9 aus 15
Antwortstatistiken
Stadt Land % Korrekt
Nantes Frankreich
97%
Tirana Albanien
90%
Belfast Vereinigtes Königreich
88%
Murmansk Russland
84%
Cagliari Italien
80%
Haifa Israel
71%
Vientiane Laos
66%
Mombasa Kenia
65%
Ecatepec Mexiko
56%
Tangier Marokko
53%
Breda Niederlande
37%
Arequipa Peru
25%
Montego Bay Jamaika
24%
Dire Dawa Äthiopien
21%
Mosta Malta
9%
Keine übereinstimmenden Quizze gefunden
Verteilung der Resultate
Anzahl Personen mit jedem Resultat
Perzentil nach korrekt beantworteten Fragen
Ihre Resultats-Entwicklung
Sie haben dieses Quiz noch nicht gespielt